000 010200000a22002530004500
003 EG-GICUC
005 20250223030136.0
008 091118s1970 ua f m 000 0 ara d
040 _aEG-GiCUC
_bara
_cEG-GiCUC
041 0 _aara
049 _aايداع
097 _aدكتوراه
099 _aCai01.02.06.Ph.D.1970.مح.ش
100 0 _aمحمد سامى بدراوى عويضه
245 1 0 _aشعر البارودى واثره فى الشعر العربى الحديث /
_cمحمد سامى بدراوى عويضه ؛ اشراف سهير القلماوى
260 _aالقاهرة :
_bمحمد سامى بدراوى عويضه :
_c1970
300 _a466ورقة ؛
_c30سم
502 _aاطروحة(دكتوراه) - جامعة القاهرة - كلية الاداب - قسم اللغة العربية وادابها
700 0 _aسهير القلماوى :
_eمشرف
856 _uhttp://172.23.153.220/th.pdf
905 _aFatma
_eCataloger
905 _aNazla
_eRevisor
942 _2ddc
_cTH
999 _c28448
_d28448